|
|
|
|
| LEADER |
00000nam0a2200000 4500 |
| 001 |
140974 |
| 005 |
20231031142311.0 |
| 020 |
|
|
|a RU
|b 86-500
|
| 035 |
|
|
|a (RuTPU)RU\TPU\book\152750
|
| 090 |
|
|
|a 140974
|
| 100 |
|
|
|a 20080717d1985 k y0rusy5003 ca
|
| 101 |
0 |
|
|a rus
|
| 102 |
|
|
|a RU
|
| 105 |
|
|
|a a z 001zy
|
| 200 |
1 |
|
|a Магнитные материалы
|e тематический сборник научных трудов
|f МИСиС ; под ред. Ч. В. Копецкого и Б. Г. Лившица
|
| 210 |
|
|
|a Москва
|c Металлургия
|d 1985
|
| 215 |
|
|
|a 141 с.
|c ил.
|d 20 см
|
| 320 |
|
|
|a Библиогр. в конце ст.
|
| 610 |
1 |
|
|a магнитные материалы
|
| 610 |
1 |
|
|a научные статьи
|
| 610 |
1 |
|
|a физические свойства
|
| 610 |
1 |
|
|a структура
|
| 610 |
1 |
|
|a постоянные магниты
|
| 610 |
1 |
|
|a магнитомягкие материалы
|
| 610 |
1 |
|
|a сплавы
|
| 610 |
1 |
|
|a магнитные свойства
|
| 610 |
1 |
|
|a термическая обработка
|
| 610 |
1 |
|
|a отжиг
|
| 675 |
|
|
|a 621.318.1
|z rus
|
| 702 |
|
1 |
|a Копецкий
|b Ч. В.
|g Чеслав Васильевич
|4 340
|
| 702 |
|
1 |
|a Лившиц
|b Б. Г.
|4 340
|
| 712 |
0 |
2 |
|a Московский государственный институт стали и сплавов (МИСиС)
|2 stltpush
|3 (RuTPU)RU\TPU\col\180
|
| 801 |
|
0 |
|a RU
|b RuMRKP
|c 19950704
|g psbo
|
| 801 |
|
1 |
|a RU
|b 63413507
|c 20080717
|g PSBO
|
| 801 |
|
2 |
|a RU
|b 63413507
|c 20090123
|g PSBO
|
| 942 |
|
|
|c BK
|